000 00288nam a2200097Ia 4500
082 _a920 VANW
245 0 _aAll-in-one : Grade 2, Literacy, Additional language
100 _a my workbook and reader Pretoria, 2003
_982655
942 _cBK
008 210817s9999 xx 000 0 und d
999 _c301632
_d301629